| 000 | 00768nam a22001935i 4500 | ||
|---|---|---|---|
| 001 | 164458 | ||
| 003 | ES-MaACL | ||
| 005 | 20250826083218.0 | ||
| 008 | 050729s1895 sp | |||||||| ||spa d | ||
| 040 |
_aCAM _bspa _cCAM |
||
| 100 | 1 |
_aSallarés y Pla, Juan. _9132338 |
|
| 245 | 1 | 0 |
_aJosé Ferrer y Vidal y su tiempo _b: discurso leido en la sesión dedicada por el Fomento del Trabajo Nacional ... / _cJuan Sallarés. |
| 260 |
_aBarcelona : _b[s.n.], _c1895 ( _fImprenta de Henrich y cia) |
||
| 300 |
_a57 p. ; _c21 cm. |
||
| 600 | 1 | 4 |
_aFerrer y Vidal, José. _950519 |
| 710 | 2 |
_aFomento del Trabajo Nacional (Cataluña) _94136 |
|
| 852 |
_aES-MaACL _jT-814-F-3 _z-- Enc. hol. conservando la cub. original _z-- Enc. en un vol. facticio |
||
| 999 |
_c164458 _d164458 |
||